| 000 | 00561nam a2200157Ia 4500 | ||
|---|---|---|---|
| 008 | 230907s9999||||xx |||||||||||||| ||und|| | ||
| 082 |
_a620 _bYAS |
||
| 100 |
_aYasir Saleem (00000274122) _9116706 |
||
| 245 | 0 | _aThermal Analysis of a Sensible Heat Thermal Energy Storage System Using Circular-Shaped Slag and Concrete for Medium- to High-Temperature Applications / | |
| 260 |
_aUSPCAS-E, NUST, _bIslamabad : _c2022 |
||
| 300 | _axii, 76 p. | ||
| 520 | _aTH-375 | ||
| 650 | _aMS-TEE Thesis MS Thesis | ||
| 700 |
_aDr Naveed Ahmed _9117775 |
||
| 942 |
_cTHE _2ddc |
||
| 999 |
_c602053 _d602053 |
||